Excess Return, Excess Volatility, and Negative Autocorrelation Caused by Uncertainty Aversion and Risk Aversion

Gespeichert in:
Bibliographische Detailangaben
1. Verfasser: Hu, Jie
Format: Buch
Sprache:Englisch
Veröffentlicht: Atlanta Federal Reserve Bank 1993
Ausgabe:1. ed.
Schriftenreihe:Working Paper 93-16
Schlagworte:
Tags: Tag hinzufügen
Keine Tags, Fügen Sie das erste Tag hinzu!

MARC

LEADER 00000nam a2200000 4500
001 c005405
005 20221214083946.3
041 0 |a eng 
044 |a US 
245 1 0 |a Excess Return, Excess Volatility, and Negative Autocorrelation Caused by Uncertainty Aversion and Risk Aversion  |c Jie Hu 
250 |a 1. ed. 
264 1 |a Atlanta  |b Federal Reserve Bank  |c 1993 
300 |a 40 s. 
490 1 |a Working Paper  |v 93-16 
830 0 |a Working Paper  |v 93-16 
610 2 0 |a banky emisné 
610 2 0 |a riziko 
610 2 0 |a priznania daňové 
610 2 0 |a ceny 
610 2 0 |a modely cenové 
610 2 0 |a USA 
100 1 |a Hu, Jie